| 000 | 01382cam a22003617a 4500 | ||
|---|---|---|---|
| 003 | CHAP | ||
| 005 | 20220329142510.0 | ||
| 008 | 010730d2001 mx ad r 00110 spa d | ||
| 010 | _a84360 | ||
| 011 | _a85332 | ||
| 035 | _a95865 | ||
| 040 | _cCHAP | ||
| 090 | _aTesis | ||
| 100 | 0 | 0 |
_aDíaz Ramírez, Marta. _933611 |
| 245 | 1 | 0 |
_aEvaluación del jitomate silvestre (Lycopersicon esculentum Mill.) al trasplante y a la cosecha dañado por Copitarsia sp. (Lepidoptera: noctuidae). _c/por Marta Díaz Ramírez |
| 260 |
_aChapingo, Méx. : _bEl autor, _c2001. |
||
| 300 |
_a48 h. : _bilus. ; gráf. ; cuadros |
||
| 502 | _aTesis (Ing. Agr. Esp. en Parasitología Agrícola) -- UACH. Departamento de Parasitología Agrícola | ||
| 590 |
_aALEPH _b10 _c20130110 _lUCH01 _h1443 |
||
| 590 |
_aBATCH-UPD _b10 _c20130110 _lUCH01 _h0709 |
||
| 590 |
_aBATCH-UPD _b10 _c20130410 _lUCH01 _h0355 |
||
| 590 |
_aBATCH-UPD _b10 _c20130914 _lUCH01 _h1047 |
||
| 590 |
_aCONVERSION _b10 _c20130109 _lUCH01 _h1347 |
||
| 650 | 1 | 4 |
_aCopitarsia sp. _927884 |
| 650 | 1 | 4 |
_aTomate _xPlagas. _9113748 |
| 650 | 1 | 4 |
_aTomate _xPlántulas. _9113749 |
| 650 | 1 | 4 |
_aTomate _xTransplante. _9113773 |
| 901 | _aBK | ||
| 905 | _aMarco A. Mendoza T. | ||
| 942 | _cFOLL | ||
| 949 |
_aTesis _bBC _cTES _d33724000838645 _eTS2 _fc.2 _gDonaciØn _h38371 _i95865 _sb |
||
| 949 |
_aTesis _bBC _cTES _d958651 _eTS1 _gDonaciØn _h38370 _i95865 _sb |
||
| 999 |
_c84360 _d84360 |
||